00814nam a2200241Ia 4500003000900000008004100009020001800050040001600068080001900084100002600103245006900129260003800198300001300236490006000249650002500309650003200334650003500366650002100401700002600422942000700448999001500455952010200470IN-BaIIA211028s9999 xx 000 0 eng d a0-417-65719-0 cIIA Library a519.246.8bOTN aOtnes, Robert K98660 0aDigital time series analysiscRobert K. Otens and Loren Enochson aNew YorkbJohn Wiley & Sonsc1972 ax, 467p. aWiley Series in Probability and Mathematical Statistics a Statistics 98661 a Stochastic procsses98662 a Time series analysis 98663 aNASA thesaurus  aEnochson, Loren98664 cBK c4851d4851 00104070aBANbBANcGENd1976-05-27l0o519.246.8/ OTNp5428r2021-11-05w1976-05-27yBK 20.75